|
|
|
|
| LEADER |
00000cam a2200000 7i4500 |
| 001 |
0000002328 |
| 005 |
20030527.0 |
| 020 |
0 |
0 |
|a 0521282144
|
| 090 |
0 |
0 |
|a 581.5222
|b WOO 1987
|
| 100 |
1 |
0 |
|a WOODWARD
|h F. I.
|
| 245 |
1 |
0 |
|a Climate and plant distribution
|c F.I. Woodward
|
| 260 |
0 |
0 |
|a Cambridge [Cambridgeshire]; New York :
|b Cambridge University Press ,
|c 1987
|
| 300 |
|
|
|a xi, 174 p. :
|b ill. ;
|c 24 cm.
|
| 440 |
0 |
0 |
|a Cambridge studies in ecology
|
| 500 |
0 |
0 |
|a Includes bibliographies and index
|
| 650 |
0 |
0 |
|a Phytogeography
|x Climatic factors
|
| 998 |
|
|
|a JPSM
|
| 999 |
|
|
|a 0000004220
|b Monograph
|c Open Shelf
|e Default branch
|